A catalogue of the principal part of the neat household furniture...hay, farming implements, pleasure boat, green-house plants and other effects, the property of Mrs Wall, which will be sold by auction by W. Moore and Son on Monday and Tuesday the 15th and 16th of December 1817...at the mansion house called The Lodge...Tewkesbury (Record no. 116718)

MARC details
000 -LEADER
fixed length control field 00836cam a22001935a 4500
001 - CONTROL NUMBER
control field L141489
008 - FIXED-LENGTH DATA ELEMENTS--GENERAL INFORMATION
fixed length control field 071127s1817 xxk eng u
035 ## - SYSTEM CONTROL NUMBER
System control number (Sirsi) u141489
041 0# - LANGUAGE CODE
Language code of text/sound track or separate title eng
110 1# - MAIN ENTRY--CORPORATE NAME
Corporate name or jurisdiction name as entry element W Moore and Son
9 (RLIN) 5369
245 02 - TITLE STATEMENT
Title A catalogue of the principal part of the neat household furniture...hay, farming implements, pleasure boat, green-house plants and other effects, the property of Mrs Wall, which will be sold by auction by W. Moore and Son on Monday and Tuesday the 15th and 16th of December 1817...at the mansion house called The Lodge...Tewkesbury
260 ## - PUBLICATION, DISTRIBUTION, ETC.
Place of publication, distribution, etc. Tewkesbury
Name of publisher, distributor, etc. s.n.
Date of publication, distribution, etc. [1817]
300 ## - PHYSICAL DESCRIPTION
Extent 16 p.
Dimensions 15 cm.
340 ## - PHYSICAL MEDIUM
Material base and configuration Printed
351 ## - ORGANIZATION AND ARRANGEMENT OF MATERIALS
Hierarchical level Single item
651 4# - SUBJECT ADDED ENTRY--GEOGRAPHIC NAME
Geographic name Gloucestershire
690 ## - LOCAL SUBJECT ADDED ENTRY--TOPICAL TERM (OCLC, RLIN)
Topical term or geographic name as entry element PROPERTY-PROPERTY ACQUISITION AND DISPOSAL-ACQUISITION AND DISPOSAL AT AUCTION
942 ## - ADDED ENTRY ELEMENTS (KOHA)
Suppress in OPAC 0
Holdings
Withdrawn status Lost status Source of classification or shelving scheme Damaged status Not for loan Home library Current library Shelving location Date acquired Total Checkouts Full call number Barcode Date last seen Copy number Price effective from Koha item type
    Dewey Decimal Classification     London London Basement 27/11/2007   BASEMENT BOX 4 141489-1001 06/08/2019 1 06/08/2019 Archive